000 00765nam a2200253 i 4500
003 DO-SdBNP
005 20230502112904.0
007 ta
008 210428b20-- dr a|||| |||| 00| 0 spa d
040 4 _aDO-SdBNP
_bspa
_cBNPHU
_erda
082 4 _a617.51
_2A881o
_b22
245 0 0 _aAtlas de gastroenterología /
264 _as.l. :
_bRoemmers,
_c20--.
300 _a16 páginas :
_bilustraciones,
_c30 cm.
336 _2rdacontent
_atexto
_btxt
337 _2rdamedia
_asin medición
_bn
338 _2rdacarrier
_avolumen
_bnc
590 _aIventariado, 2021 / SA
650 4 _aOtolaringología
_vPediátrica
_978768
650 4 _aEnfermedades pediátricas
_vCabeza
_xLarigen
_978769
650 4 _aEnfermedades
_vFarigen
_978770
910 _aSaquino
942 _2ddc
_cLF2
999 _c49792
_d49792